[Event "MetroWest CC Trick or Treat"]
[Site "Natick"]
[Date "2014.10.21"]
[Round "3.1"]
[White "Kildahl, Brett"]
[Black "Arun, Siddharth"]
[Result "1/2-1/2"]
[WhiteElo "2108"]
[BlackElo "2225"]
[PlyCount "82"]
[EventDate "2014.10.07"]
[EventType "swiss"]
[EventRounds "4"]
[EventCountry "USA"]
[SourceTitle "EXT 2023"]
[Source "ChessBase"]
[SourceDate "2022.10.05"]
[SourceVersion "1"]
[SourceVersionDate "2022.10.05"]
[SourceQuality "1"]

1. Nf3 e6 2. g3 g5 3. d4 g4 4. Ne5 h5 5. Bg2 Bg7 6. c3 Nc6 7. Nxc6 bxc6 8. Nd2 Qf6 9. Ne4 Qg6 10. Bf4 f5 11. Nc5 Ne7 12. Bxc7 h4 13. Qd3 h3 14. Bf1 Nd5 15. Bd6 Nf6 16. e3 Ne4 17. Nxe4 fxe4 18. Qd1 Bf8 19. Bxf8 Rxf8 20. Be2 Qf5 21. 0-0 Rg8 22. b4 d5 23. b5 cxb5 24. a4 bxa4 25. Rxa4 a6 26. Bb5+ Ke7 27. Be2 Bd7 28. Rxa6 Rxa6 29. Bxa6 Ba4 30. Qe2 Ra8 31. Rb1 Rxa6 32. Qxa6 Qf3 33. Kf1 Bc2 34. Qa3+ Kf7 35. Rb7+ Kg6 36. Rg7+ Kxg7 37. Qe7+ Qf7 38. Qg5+ Qg6 39. Qe7+ Kg8 40. Qd8+ Kf7 41. Qc7+ Ke8 1/2-1/2

[Event "MetroWest Memorial op"]
[Site "Natick"]
[Date "2014.09.09"]
[Round "2.5"]
[White "Fauman, Alex G"]
[Black "Kildahl, Brett"]
[Result "1-0"]
[WhiteElo "1909"]
[BlackElo "2091"]
[PlyCount "67"]
[EventDate "2014.09.02"]
[EventType "swiss"]
[EventRounds "5"]
[EventCountry "USA"]
[SourceTitle "EXT 2023"]
[Source "ChessBase"]
[SourceDate "2022.10.05"]
[SourceVersion "1"]
[SourceVersionDate "2022.10.05"]
[SourceQuality "1"]

1. d4 Nf6 2. Nc3 d5 3. Bg5 Bf5 4. e3 e6 5. Bd3 Bg6 6. Bxg6 hxg6 7. Qd3 Be7 8. Nf3 Nbd7 9. 0-0-0 0-0 10. Rdg1 c5 11. g4 Rc8 12. h4 cxd4 13. exd4 Qa5 14. h5 Rxc3 15. Qxc3 Qxa2 16. Qb3 Qa1+ 17. Kd2 Ne4+ 18. Ke3 Bxg5+ 19. Nxg5 Qa5 20. Nf3 f5 21. Qxb7 fxg4 22. Rxg4 Ndc5 23. Qe7 e5 24. dxc5 Nxf2 25. Rxg6 d4+ 26. Ke2 Rf7 27. Qe8+ Rf8 28. Rxg7+ Kxg7 29. Qg6+ Kh8 30. Qh6+ Kg8 31. Rg1+ Kf7 32. Rg7+ Ke8 33. Qe6+ Kd8 34. Qd7# 1-0